| 000 | 02498nam0a2200397 4500 | ||
|---|---|---|---|
| 001 | RU\NLR\bibl\1754363 | ||
| 005 | 20260408071715.0 | ||
| 010 |
_a978-5-4263-0004-0 _9100 |
||
| 021 |
_aRU _b2011-18272 _91293 |
||
| 035 | _a(nilc)RSL-KNO-004906886 | ||
| 035 | _a(NLR Aleph) 001745205 | ||
| 090 |
_a1484333 _c1484333 |
||
| 100 | _a20110321d2011 |||y0rusy50 ca | ||
| 101 | 0 | _arus | |
| 102 | _aRU | ||
| 105 | _aa ||||||||| | ||
| 200 | 1 |
_aПодготовка учителя в структуре уровневого образования _f[Матросов Виктор Леонидович, акад. РАН, РАО, д.ф.-м.н., проф., Трубина Людмила Александровна, д.филол.н., проф., Егорова Екатерина Борисовна, к.филол.н., доц. и др. _gнауч. ред.: Л.А. Трубина, д.филол.н., проф.] _gМ-во образования и науки Рос. Федерации [и др.] |
|
| 210 |
_aМосква _cМПГУ _cПрометей _d2011 |
||
| 215 |
_a167 с. _cил., портр. _d21 |
||
| 300 | _aАвт. указаны на обороте тит. л. | ||
| 300 | _aВ надзаг. также: Ассоц. развития пед. ун-тов и ин-тов (АРПУИ), Учеб.-метод. об-ние по образованию в обл. подгот. пед. кадров, Гос. образоват. учреждение высш. проф. образования "Моск. пед. гос. ун-т" | ||
| 606 | 1 |
_aУчителя _xПодготовка _91835372 _3RU\NLR\auth\661122190 |
|
| 686 |
_aЧ489.511,6(2)2,0 _2rubbk |
||
| 686 | _aЧ489.518.2 | ||
| 701 | 1 |
_4070 _aМатросов _bВ. Л. _f1950-2015 _gВиктор Леонидович _9140953 _3RU\NLR\AUTH\770140989 |
|
| 701 | 1 |
_aТрубина _bЛ. А. _gЛюдмила Александровна _4070 |
|
| 701 | 1 |
_4070 _8rus _7ca _aЕгорова _bЕ. Б. _cканд. филол. наук, русский язык _gЕкатерина Борисовна _3RU\NLR\auth\77109309 _992234 |
|
| 702 | 1 |
_aТрубина _bЛ. А. _gЛюдмила Александровна _4340 |
|
| 712 | 0 | 1 |
_4570 _aРоссийская Федерация _bМинистерство образования и науки _3RU\NLR\AUTH\8810055913 _9612498 |
| 801 | 0 |
_aRU _bRuMoRKP _c20110321 _grcr |
|
| 801 | 1 |
_aRU _bRuMoRGB _c20110321 |
|
| 801 | 2 |
_aRU _bNLR _c20110404 _grcr |
|
| 942 | _cBOOK | ||
| 980 | _aNB | ||
| 980 | _aNBR | ||